000
00293 a2200145 4500
001
177545
020
_a
84-7773-240-X
040
_c
Magnum
240
1
0
_a
Cenicienta
_l
ESP
245
1
0
_a
Cenicienta
300
_a
16
362
0
_a
1999
697
_a
LITERATURA INFANTIL ESPANHOLA
942
_c
BK
999
_c
177545
_d
177545